Some studies on the biology of the Citrus stinkug Rhynchocoris serratus Don /
Saved in:
| Main Author: | |
|---|---|
| Format: | Thesis Book |
| Language: | English |
| Published: |
[Singapore],
1978.
|
| Subjects: | |
| Tags: |
Add Tag
No Tags, Be the first to tag this record!
|
| LEADER | 00776cam a2200241 a 4500 | ||
|---|---|---|---|
| 001 | u143209 | ||
| 003 | SIRSI | ||
| 008 | 920224s1978 si a v 00 1 eng m | ||
| 035 | |a AAQ-6445 | ||
| 040 | |a UMM | ||
| 090 | |a QL523 |b P5Ng | ||
| 100 | 1 | 0 | |a Ng, Yan. |
| 245 | 1 | 0 | |a Some studies on the biology of the Citrus stinkug Rhynchocoris serratus Don / |c Ng Yan. |
| 260 | |a [Singapore], |c 1978. | ||
| 300 | |a 334 leaves : |b illus. ; |c 31 cm. | ||
| 500 | |a Mimeographed. | ||
| 502 | |a Thesis (Ph.D.) -- University of Singapore, 1978. | ||
| 504 | |a Bibliography: leaves 284-307. | ||
| 650 | 0 | |a Rhynchocoris serratus. | |
| 650 | 0 | |a Citrus fruits |x Diseases and pests. | |
| 948 | |a 24/02/1992 |b 13/06/2002 | ||
| 596 | |a 1 | ||
| 999 | |a QL523 P5NG |w LC |c 1 |i A002721871 |l STACKS |m P01UTAMA |r Y |s Y |t TESIS |u 9/3/1992 | ||
